Informe sobre desarrollo humano México 2006-2007 /

De manera similar al informe que desde 1990 elabora el Programa de las Naciones Unidas para el Desarrollo sobre el desarrollo humano en el mundo, a partir de 2002 el programa comenzó a publicar el referente a México, que luego en ciertos casos incluirá el de algunas entidades federativas. Como se sa...

Ausführliche Beschreibung

Gespeichert in:
Bibliographische Detailangaben
Körperschaft: ONU. Programa de las Naciones Unidas para el Desarrollo
Weitere Verfasser: López Calva, Luis Felipe (dirección) (dirección), Torre García, Rodolfo de la (edición) (edición), Lemaresquier, Thierry (prefacio) (prefacio)
Format: Buch
Sprache:Spanisch
Veröffentlicht: México : Mundi-Prensa : ONU, Programa de las Naciones Unidas para el Desarrollo, 2007, c2007
Schlagworte:
Tags: Tag hinzufügen
Keine Tags, Fügen Sie das erste Tag hinzu!

MARC

LEADER 00000nam^a2200000^a^4500
001 000272858
005 20250624000000.0
009 20260310111113.33
020 |a 978-968-7462-52-3 
025 |a Donación Programa de las Naciones Unidas para el Desarrollo, 1 ejemplar 
037 |a Acervo ITESO - Biblioteca 
041 |a ESP 
082 |a 320. 9  |b ONU MEX 2006-2007 
110 |a ONU.  |b Programa de las Naciones Unidas para el Desarrollo 
240 1 1 |a [Informe sobre desarrollo humano] 
240 1 1 |a [Informe sobre desarrollo humano en México] 
245 1 0 |a Informe sobre desarrollo humano México 2006-2007 /  |c ONU, Programa de las Naciones Unidas para el Desarrollo ; dir. de L.F. López Calva ; ed. de R. de la Torre García ; pref. de T. Lemaresquier. 
246 2 |a Título en la cubierta: Informe sobre desarrollo humano México 2006-2007: migración y desarrollo humano 
264 4 |a México :  |b Mundi-Prensa :  |b ONU, Programa de las Naciones Unidas para el Desarrollo,  |c 2007, c2007 
300 |a XV, 199 p. 
336 |a texto  |b txt  |2 rdacontenido 
337 |a sin mediación  |b n  |2 rdamedio 
338 |a volumen  |b nc  |2 rdasoporte 
520 |a De manera similar al informe que desde 1990 elabora el Programa de las Naciones Unidas para el Desarrollo sobre el desarrollo humano en el mundo, a partir de 2002 el programa comenzó a publicar el referente a México, que luego en ciertos casos incluirá el de algunas entidades federativas. Como se sabe, el índice de desarrollo humano trasciende el mero desarrollo económico y considera de manera integral una serie de factores (esperanza de vida, salud, escolaridad, ingresos, seguridad pública, administración de justicia etc.) que en conjunto permiten a la persona desarrollar todo su potencial humano. 
649 |a XX 
650 |a Remesas de Migrantes -  |z México -  |x Informes 
650 |a Migración -  |z México -  |x Informes 
650 |a Esperanza de Vida -  |z México -  |x Informes 
650 |a Desarrollo Económico-Social -  |z México -  |x Informes 
650 |a Desarrollo Humano -  |z México -  |x Informes 
650 |a Desarrollo Humano -  |z México -  |x Tema Principal 
650 |a Demografía -  |z México -  |x Informes 
650 |a Educación -  |z México -  |x Informes 
650 |a Economía -  |z México -  |x Informes 
650 |a México -  |x Historia -  |y 2000-2006 
650 |a México -  |x Historia -  |y 2006-2012 
650 |a México -  |x Condiciones Sociales y Culturales 
650 |a México -  |x Condiciones Económicas 
650 |a México -  |x Estadísticas 
650 |a México -  |x Tema Principal 
700 |a López Calva, Luis Felipe  |e (dirección) 
700 |a Torre García, Rodolfo de la  |e (edición) 
700 |a Lemaresquier, Thierry  |e (prefacio) 
910 |a Fondo General 
920 |a Impresos - Libros 
930 |a Colección General 
905 |a 101 
901 |a 0500158458  |b IT1  |c ACC  |i D  |u 20250521 
901 |a 0500196747  |b IT1  |c ACC  |d DT  |i D56203  |u 20250624 
902 |a https://opac.biblio.iteso.mx/vufind/Record/000272858